| 000 | 00816nas a2200265 4500 | ||
|---|---|---|---|
| 001 | BR9900256 | ||
| 003 | BR-BrBNA | ||
| 005 | 20231205101156.0 | ||
| 007 | ta | ||
| 008 | 230509b bl.|||p| |||| 00| 00por d | ||
| 040 |
_aBR-BrBNA _bpor _cBiblioteca Nacional de Agricultura |
||
| 041 | _a(Pt) | ||
| 072 | _aL70 | ||
| 100 | 1 | _aFerreira, R.N. | |
| 100 | 1 | _aAlmeida, L.A.M. de | |
| 100 | 1 | _aFerreira, R.C. | |
| 245 | 1 | _aEstudo do efeito do gossipol no sangue de camundongos (Mus domesticus domesticus) | |
| 650 | _aCamundongo | ||
| 650 | _aGossipol | ||
| 650 | _aSangue | ||
| 650 | _aAnalise de Laboratorio | ||
| 773 | 0 |
_tAnais da Escola de Agronomia e Veterinaria (Brazil) _xISSN 0100-218X _g(Jan-Jun 1995), v. 25(1) p. 62-68 _wBR9900256 |
|
| 909 |
_a202311 _bLúcia _c55 _dLúcia Elande |
||
| 942 |
_2AGRIS _n0 _cANA |
||
| 999 |
_c160223 _d160223 |
||